<?xml version="1.0" encoding="UTF-8"?>
<marc:record xmlns:marc="http://www.loc.gov/MARC21/slim">
   <marc:leader>00000nam a2200000 a 4500</marc:leader>
   <marc:datafield ind1="1" ind2=" " tag="100">
      <marc:subfield code="a">Dichel, Adamus</marc:subfield>
   </marc:datafield>
   <marc:datafield ind1="0" ind2="0" tag="245">
      <marc:subfield code="a">Supplementum A - Z</marc:subfield>
   </marc:datafield>
   <marc:datafield ind1=" " ind2="1" tag="264">
      <marc:subfield code="c">1753</marc:subfield>
   </marc:datafield>
   <marc:datafield ind1="1" ind2=" " tag="520">
      <marc:subfield code="a">Marke: Ad Bibliothecam P. P. Capucinorum Imstii 205 (1), Druckermarke am Titelbl. http://zentralbibliothek.kapuziner.at/kupferstiche/provinzbibliothek/provinzbibliothek_3845.jpg, ill. Initialen und Zierkupferstiche im Text, weißer Ledereinband auf Buchdeckeln aus Holz, Leder der Buchdeckel mit Linien, fleuralen Bordüren (teilw. mit Zopfmuster)  und Einzelelementen verziert, Buchrücken mit 6 Bünden, schwarzem Titelschild "R.P. HOUDRY || SUPPLEME= || NTUM" in Goldprägung und Signaturschild "375 1", zwei breite Knopfschließen mit Lederscharnieren, rote Schnittkante.</marc:subfield>
   </marc:datafield>
   <marc:datafield ind1=" " ind2=" " tag="500">
      <marc:subfield code="a">Titelbl. in Rot- und Schwarzdr.</marc:subfield>
   </marc:datafield>
   <marc:datafield ind1="0" ind2=" " tag="490">
      <marc:subfield code="v">5.</marc:subfield>
   </marc:datafield>
   <marc:datafield ind1=" " ind2=" " tag="300">
      <marc:subfield code="a">[4] Bl., 648, 38 S.</marc:subfield>
   </marc:datafield>
</marc:record>
